Olympics medal table - Rhythmic gymnastics - Statistics

General Stats
  • This quiz has been taken 41 times
  • The average score is 11 of 15
Answer Stats
Total Gold Silver Bronze Nation % Correct
2 0 2 0 ROC
100%
16 10 4 2 Russia
100%
3 0 1 2 Italy
86%
5 1 0 4 Ukraine
86%
5 1 2 2 Bulgaria
83%
1 0 1 0 Rome
77%
7 0 4 3 Belarus
74%
1 0 1 0 China
74%
2 1 0 1 Soviet Union
74%
2 1 0 1 Unified Team
74%
3 1 2 0 Spain
66%
1 0 0 1 West Germany
66%
1 1 0 0 Canada
63%
1 1 0 0 Israel
60%
1 0 0 1 Greece
37%
No matching quizzes found
Score Distribution
Percent of People with Each Score
Percentile by Number Answered
Your Score History
You have not taken this quiz